000 00432pab a2200169 454500
008 180718b2003 xxu||||| |||| 00| 0 eng d
100 _aKumar, T. Ravi
245 _aDownsizing higher education: an exergent crisis
260 _c2003
300 _ap.603-07.
362 _a15 Feb
650 _aEducation
650 _aHigher education
700 _aSharma, Vijender
773 _aEconomic and Political Weekly
909 _a55638
999 _c55638
_d55638